000
00313nam a2200133Ia 4500
008
191206s9999 xx 000 0 und d
020
_a
067976657X
090
_a
PS3559A5815K75
245
0
_a
Krik? Krak!
260
_a
Vintage Books
260
_c
cc1996
300
_a
224 p. ; 21 cm.
999
_c
16317
_d
16317